Every City in Liaoning - Statistics

General Stats
  • This quiz has been taken 19 times
  • The average score is 11 of 14
Answer Stats
Answer % Correct
Dalian
94%
Shenyang
94%
Anshan
88%
Dandong
88%
Chaoyang
76%
Huludao
76%
Benxi
71%
Panjin
71%
Yingkou
71%
Fushun
65%
Fuxin
65%
Jinzhou
65%
Liaoyang
65%
Tieling
65%
No matching quizzes found
Score Distribution
Percent of People with Each Score
Percentile by Number Answered
Your Score History
You have not taken this quiz